| 000 | 00662cab a2200229 4500 | ||
|---|---|---|---|
| 001 | ABS54396 | ||
| 008 | 090401t1996 xxu||||| |||| 00| 0 eng d | ||
| 035 | _a(Sirsi) u10102 | ||
| 041 | _aeng | ||
| 100 | _aKitson, T. | ||
| 245 | _aMaking good practice work | ||
| 260 | _c1996 | ||
| 350 | _a0 | ||
| 490 |
_aEstates Gazette _v(9605) 3 February 1996, 126-127(2) |
||
| 520 | _aDiscusses the planned revision of existing public inquiry procedures with more emphasis on the pre-inquiry stage. | ||
| 650 | _aPLANNING INQUIRIES | ||
| 650 | _aPUBLIC INQUIRIES | ||
| 650 | _aREFORM | ||
| 690 | _aPLANNING LAW AND PRACTICE | ||
| 942 | _n0 | ||
| 948 | _c04/03/1997 | ||
| 999 |
_c6348 _d6348 |
||